Подготовка аспирантов и магистрантов университета к разработке электронных образовательных ресурсов; Уровневая подготовка специалистов: электронное обучение и открытые образовательные ресурсы

Bibliographic Details
Parent link:Уровневая подготовка специалистов: электронное обучение и открытые образовательные ресурсы.— 2014.— [С. 339-341]
Main Author: Беломестнова Э. Н. Эмилия Николаевна
Corporate Authors: Национальный исследовательский Томский политехнический университет (ТПУ) Институт развития стратегического партнерства и компетенций (ИСПК) Кафедра инженерной педагогики (ИПед), Национальный исследовательский Томский политехнический университет (ТПУ) Институт социально-гуманитарных технологий (ИСГТ) Кафедра организации и технологии высшего профессионального образования (ОТВПО)
Other Authors: Минин М. Г. Михаил Григорьевич
Summary:Заглавие с титульного листа.
This paper is aimed to the next generation educational resources development problem. The complex program of instructional design competencies development of university graduates and postgraduate developed in Department of Engineering Pedagogy of TPU was characterized. It was shown that recruiting of young scientists is quite perspective for TPU e-learning environment development.
Language:Russian
Published: 2014
Series:Образовательные ресурсы технического обучения опыт
Subjects:
Online Access:http://earchive.tpu.ru/handle/11683/25673
http://www.lib.tpu.ru/fulltext/c/2014/C09/141.pdf
Format: Electronic Book Chapter
KOHA link:https://koha.lib.tpu.ru/cgi-bin/koha/opac-detail.pl?biblionumber=610243

MARC

LEADER 00000naa2a2200000 4500
001 610243
005 20260402094904.0
035 |a (RuTPU)RU\TPU\conf\7839 
035 |a RU\TPU\conf\7836 
090 |a 610243 
100 |a 20150114d2014 k y0rusy50 ca 
101 0 |a rus 
102 |a RU 
135 |a drgn ---uucaa 
181 0 |a i  
182 0 |a b 
200 1 |a Подготовка аспирантов и магистрантов университета к разработке электронных образовательных ресурсов  |d Training of graduate students and undergraduates of university for development of electronic educational resources  |f Э. Н. Беломестнова, М. Г. Минин 
203 |a Текст  |c электронный 
225 1 |a Образовательные ресурсы технического обучения опыт 
300 |a Заглавие с титульного листа. 
320 |a [Библиогр.: с. 341 (2 назв.)] 
330 |a This paper is aimed to the next generation educational resources development problem. The complex program of instructional design competencies development of university graduates and postgraduate developed in Department of Engineering Pedagogy of TPU was characterized. It was shown that recruiting of young scientists is quite perspective for TPU e-learning environment development. 
337 |a Adobe Reader 
463 1 |0 (RuTPU)RU\TPU\conf\7637  |t Уровневая подготовка специалистов: электронное обучение и открытые образовательные ресурсы  |o сборник трудов I Всероссийской научно-методической конференции, 20-21 марта 2014 г., Томск  |f Национальный исследовательский Томский политехнический университет (ТПУ) ; ред. кол. А. И. Чучалин [и др.]  |v [С. 339-341]  |d 2014 
510 1 |a Training of graduate students and undergraduates of university for development of electronic educational resources  |z eng 
610 1 |a электронный ресурс 
610 1 |a труды учёных ТПУ 
610 1 |a аспиранты 
610 1 |a магистранты 
610 1 |a электронные ресурсы 
610 1 |a образовательные ресурсы 
610 1 |a инженерная педагогика 
610 1 |a электронная среда 
610 1 |a обучение 
700 1 |a Беломестнова  |b Э. Н.  |c специалист в области инженерной педагогики  |c доцент Томского политехнического университета, кандидат технических наук  |f 1942-  |g Эмилия Николаевна  |3 (RuTPU)RU\TPU\pers\26827 
701 1 |a Минин  |b М. Г.  |c специалист в области инженерной педагогики  |c профессор Томского политехнического университета, доктор педагогических наук  |f 1944-  |g Михаил Григорьевич  |3 (RuTPU)RU\TPU\pers\26824  |9 12443 
712 0 2 |a Национальный исследовательский Томский политехнический университет (ТПУ)  |b Институт развития стратегического партнерства и компетенций (ИСПК)  |b Кафедра инженерной педагогики (ИПед)  |3 (RuTPU)RU\TPU\col\18906 
712 0 2 |a Национальный исследовательский Томский политехнический университет (ТПУ)  |b Институт социально-гуманитарных технологий (ИСГТ)  |b Кафедра организации и технологии высшего профессионального образования (ОТВПО)  |3 (RuTPU)RU\TPU\col\19273 
801 2 |a RU  |b 63413507  |c 20210408  |g RCR 
856 4 |u http://earchive.tpu.ru/handle/11683/25673 
856 4 |u http://www.lib.tpu.ru/fulltext/c/2014/C09/141.pdf 
942 |c BK